| 000 | 01142nam a2200265Ia 4500 | ||
|---|---|---|---|
| 001 | 17975 | ||
| 003 | GE_BSU | ||
| 008 | 181216s||||||||xx |||||||||||||| ||und|| | ||
| 020 | _a9789941409813 | ||
| 040 | _cGE_BSU | ||
| 080 | _a633.72:631.528 | ||
| 100 | _aბარათაშვილი, დავით | ||
| 245 | _aმუტაციური ცვალებადობის თავისებურებანი ჩაის მცენარეში (კვლევის მეთოდებით) | ||
| 245 | _cრედ. ა. დიასამიძე | ||
| 260 | _aბათუმი | ||
| 260 | _bშოთა რუსთაველის სახ. უნ-ტი | ||
| 260 | _c2009 | ||
| 300 | _a244გვ.ცხრ.21სმ. | ||
| 300 | _eბიბლიოგრ.: გვ. 217-240 | ||
| 541 | _h10 ლ. | ||
| 653 | _aმუტაციური ცვალებადობის თავისებურებანი ჩაის მცენარეში | ||
| 653 | _aსოფლის მეურნეობა | ||
| 653 | _aჩაის მუტაცია; | ||
| 942 | _cBK | ||
| 999 |
_c51018 _d51018 |
||